ICMF Cotton Development And Research Association: Annual report 1979-1980 (Record no. 225128)
[ view plain ]
| 000 -LEADER | |
|---|---|
| fixed length control field | 00599nam a22001817a 4500 |
| 005 - DATE AND TIME OF LATEST TRANSACTION | |
| control field | 20221110151348.0 |
| 008 - FIXED-LENGTH DATA ELEMENTS--GENERAL INFORMATION | |
| fixed length control field | 221110b ||||| |||| 00| 0 eng d |
| 040 ## - CATALOGING SOURCE | |
| Transcribing agency | AL |
| 082 ## - DEWEY DECIMAL CLASSIFICATION NUMBER | |
| Edition number | 23 |
| Classification number | 338.17351 |
| Item number | STAI |
| 100 ## - MAIN ENTRY--PERSONAL NAME | |
| Personal name | Standing Committee on Cotton |
| 100 ## - MAIN ENTRY--PERSONAL NAME | |
| 9 (RLIN) | 61694 |
| 245 ## - TITLE STATEMENT | |
| Title | ICMF Cotton Development And Research Association: Annual report 1979-1980 |
| 260 ## - PUBLICATION, DISTRIBUTION, ETC. | |
| Place of publication, distribution, etc. | Bombay |
| Name of publisher, distributor, etc. | Standing Committee on Cotton |
| Date of publication, distribution, etc. | 1981 |
| 300 ## - PHYSICAL DESCRIPTION | |
| Extent | 42 p. |
| Other physical details | PB |
| Dimensions | 20.5x13.5 cm. |
| 650 ## - SUBJECT ADDED ENTRY--TOPICAL TERM | |
| Topical term or geographic name entry element | Cotton trade |
| 9 (RLIN) | 61695 |
| 650 ## - SUBJECT ADDED ENTRY--TOPICAL TERM | |
| Topical term or geographic name entry element | Cotton textile industry |
| 9 (RLIN) | 61696 |
| 700 ## - ADDED ENTRY--PERSONAL NAME | |
| Personal name | STANDING COMMITTEE ON COTTON |
| 9 (RLIN) | 61697 |
| 942 ## - ADDED ENTRY ELEMENTS (KOHA) | |
| Source of classification or shelving scheme | Dewey Decimal Classification |
| Koha item type | George Fernandes Collections |
| Withdrawn status | Lost status | Source of classification or shelving scheme | Damaged status | Not for loan | Collection code | Home library | Current library | Date acquired | Total Checkouts | Full call number | Barcode | Date last seen | Price effective from | Koha item type |
|---|---|---|---|---|---|---|---|---|---|---|---|---|---|---|
| Dewey Decimal Classification | Economics | St Aloysius Library | St Aloysius Library | 03/23/2013 | 338.17351 STAI | GF01666 | 11/10/2022 | 11/10/2022 | George Fernandes Collections |